Personalidades violentas /

Bibliographic Details
Main Author: Echeburúa, Enrique
Format: Libro
Language:English
Published: Madrid, España Pirámide 1998
Series:Psicología
Subjects:
Online Access:

MARC

LEADER 00000cam a2200000 a 4500
001 002236
003 UAHC_CL
005 20170803115821.0
008 010822b xx j 000 1 eng
020 |a 8436808290 
040 |a UAHC_CL  |c UAHC_CL  |d UAHC_CL 
082 0 4 |a 159.972 P467p 
100 1 |a Echeburúa, Enrique 
245 1 0 |a Personalidades violentas /  |c Enrique Echeburúa. 
260 |b Pirámide  |c 1998  |a Madrid, España 
300 |a 301p. 
490 0 |a Psicología 
650 4 |a TRASTORNOS DE LA PERSONALIDAD 
900 |a 159.972 ECH 
942 |c BK 
952 |0 0  |1 0  |4 0  |6 159_972000000000000_ECH  |7 0  |8 General  |9 5102  |a BC  |b BC  |c General  |d 2017-08-03  |l 0  |o 159.972 ECH  |p 1305100  |r 2026-01-07 00:00:00  |t 1  |w 2017-08-03  |y BK 
999 |c 2236  |d 2236